000 00646nam a2200277Ia 4500
005 20260324140810.0
008 008 260324s9999 xx 000 0 eng d
020 _a9781315706054
037 _aEBOOK
040 _aCRL
040 _beng
040 _cCRL
041 _2eng
041 _aeng
084 _qCRL
100 _aJerome R. Reich
_91205787
245 0 _aBritish Friends of the American Revolution
260 _bTaylor and Francis
260 _c1998
365 _a
365 _b230
856 _uhttp://www.taylorfrancis.com/books/9781315706054
942 _cEBOOK
999 _c1808197
_d1808197